| 000 | 00794cab a2200217 4500 | ||
|---|---|---|---|
| 001 | WB3129-12 | ||
| 008 | 090401t1995 xxu||||| |||| 00| 0 eng d | ||
| 035 | _a(Sirsi) u40846 | ||
| 041 | _aeng | ||
| 245 | _aDepartment stores back in fashion | ||
| 260 | _c1995 | ||
| 350 | _a0 | ||
| 490 |
_aFinancial Times _v22 July 1995, 5(1) |
||
| 520 | _aUK department stores show signs of revival with Harvey Nichols opening a branch in Leeds in 1996, Selfridges and House of Fraser carrying out massive refurbishment programmes and Harrids opening a branch at Heathrow Terminal 4 and Selfridges in Terminal 1. | ||
| 650 | _aAIRPORT SHOPPING | ||
| 650 | _aDEPARTMENT STORES | ||
| 650 | _aRETAILING | ||
| 690 | _aPROPERTY-COMMERCIAL PROPERTY-RETAIL PROPERTY | ||
| 942 | _n0 | ||
| 948 | _c04/03/1997 | ||
| 999 |
_c26182 _d26182 |
||